Những nhà mưu lược nổi tiếng xưa và nay (danh gia trí mưu)

Spremljeno u:
Bibliografski detalji
Glavni autor: Bùi, Hữu Cường (Biên soạn)
Format: Knjiga
Izdano: T.P. Hồ Chí Minh Phương Đông 2006
Teme:
Oznake: Dodaj oznaku
Bez oznaka, Budi prvi tko označuje ovaj zapis!
Thư viện lưu trữ: Trung tâm Học liệu Lê Vũ Hùng, Trường Đại học Đồng Tháp
LEADER 00793pam a22002298a 4500
001 00044035
005 20190410080414.0
008 110525s1984 ||||||Viesd
020 # # |c 30000 
041 0 # |a Vie 
082 1 4 |a 951.009  |b NH556NH 
100 1 # |a Bùi, Hữu Cường  |e Biên soạn 
245 0 0 |a Những nhà mưu lược nổi tiếng xưa và nay (danh gia trí mưu)  |c Bùi Hữu Cường (b.s.) 
260 # # |b Phương Đông  |c 2006  |a T.P. Hồ Chí Minh 
300 # # |a 374 tr.  |c 20 cm 
653 # # |a Mưu kế 
653 # # |a Nhân vật lịch sử 
653 # # |a Sách lược 
653 # # |a Trung Quốc 
852 # # |j KD.0025258 
910 0 # |d 10/4/2019 
980 # # |a Trung tâm Học liệu Lê Vũ Hùng, Trường Đại học Đồng Tháp